000 00519nam a22001817a 4500
999 _c524974
_d524974
003 NUST
020 _a-
038 _aZafar Malik
082 _a891.423
_bTAH
100 _aDr. Tahir, Tonsavi
_915773
245 _aSaraiki Dey Chowany Afsanay /
_cDr. Tahir, Tonsavi
260 _aMultan :
_bSaraiki Adbi Board ;
_c1998.
300 _a362 p. ;
500 _aHardcover
880 _6100-02\r
_aڈاکٹر طاھر تونسوی
880 _6245-02\r
_aسرائیکی دے چونڑویں افسانے
942 _2ddc
_cBK